Di truyền học

Tiêu chuẩn của vật chất di truyền; Vật chất di truyền ở vi rút; Khái niệm, phân loại các kiểu hình đột biến và đột bíến gen; Đột biến cấu trúc nhiễm sắc thể; Vai trò của mã di truyền; tái tổ hợp vật chất di truyền và các cấu trú...

ver descrição completa

Na minha lista:
Detalhes bibliográficos
Autor principal: Phan, Cự Nhân
Formato: Livro
Idioma:Undetermined
Publicado em: Hà Nội Đại học Sư phạm Hà Nội 2004
Assuntos:
Tags: Adicionar Tag
Sem tags, seja o primeiro a adicionar uma tag!
Thư viện lưu trữ: Trung tâm Học liệu Trường Đại học Cần Thơ
LEADER 00983nam a2200205Ia 4500
001 CTU_101467
008 210402s9999 xx 000 0 und d
020 |c 30000 
082 |a 576.5 
082 |b Nh121/T.1 
100 |a Phan, Cự Nhân 
245 0 |a Di truyền học 
245 0 |c Phan Cự Nhân, Nguyễn Minh Công, Đặng Hữu Lanh 
260 |a Hà Nội 
260 |b Đại học Sư phạm Hà Nội 
260 |c 2004 
520 |a Tiêu chuẩn của vật chất di truyền; Vật chất di truyền ở vi rút; Khái niệm, phân loại các kiểu hình đột biến và đột bíến gen; Đột biến cấu trúc nhiễm sắc thể; Vai trò của mã di truyền; tái tổ hợp vật chất di truyền và các cấu trúc chức năng của gen 
650 |a Genetics 
904 |i Hiếu 
980 |a Trung tâm Học liệu Trường Đại học Cần Thơ